Vplyv zákona o športe na účtovné, daňové a odvodové povinnosti fyzických a právnických osôb v športe diplomová práca

Uložené v:
Podrobná bibliografia
Hlavný autor: Kulifaj, Lukáš
Korporativný autor: Fakulta hospodárskej informatiky EU. Katedra účtovníctva a audítorstva
Ďalší autori: Szász, Marek
Médium: Kniha
Jazyk:Slovak
Vydavateľské údaje: Bratislava 2018
Tagy: Pridať tag
Žiadne tagy, Buďte prvý, kto otaguje tento záznam!

MARC

LEADER 00000nbm a2200000 4500
001 0243590
005 20181108091818.6
041 0 |a slo 
044 |a SK 
245 1 0 |a Vplyv zákona o športe na účtovné, daňové a odvodové povinnosti fyzických a právnických osôb v športe  |b diplomová práca  |c Lukáš Kulifaj ; školiteľ: Marek Szász 
264 1 |a Bratislava  |c 2018 
300 |a 62 s. 
100 1 |a Kulifaj, Lukáš 
700 1 |a Szász, Marek 
710 2 |a Fakulta hospodárskej informatiky EU. Katedra účtovníctva a audítorstva